01363nam a22003377a 450000500170000000800410001702000180005804100130007608200200008910000330010924502040014225000180034626000730036430000260043750000240046350000280048750400310051554600280054665000320057465000270060665000270063365000240066065300220068465500240070665000310073070000320076170000440079394200200083799900170085795201510087420201128021045.0140402r19922013xxk fr2b 001 0 eng d a97807456107711 aenghger04222a301.01bHAB1 935863aHabermas, Jürgen14aThe structural transformation of the public sphere : ban inquiry into a category of bourgeois society /cJürgen Habermas ; translated by Thomas Burger with the assistance of Frederick Lawrence. aReprinted ed. aCambridge, United Kingdom :bPolity Press,c1992.f(Acid-Free Paper) axix, 301 p. ;c23 cm. aIndex : p. 299-301. aReprint of the 1992 ed. aBibliography : p. 251-298. aTranslated from German. 09774aSociologyxMethodology 091542aSocial structure 0aPublic interest935864 0aMiddle class934198 bENGARCcApril2014 vreading book934232 0911062aPolitical sociology1 aBurger, Thomasetranslator.1 aLawrence, Fredericketranslator.924332 2ddck301.01 HAB c18201d18173 00102ddc40708BaccahaMAINbMAINc1STd2014-04-02epurchaseg200.00l4m121o301.01 HABp000035858r2025-07-15 00:00:00s2020-12-24v250.00yBB